[Event "European Youth Chess Championship G12"]
[Site "Prague, Top Hotel Prague"]
[Date "2016.08.22"]
[Round "5.45"]
[White "Di, Maulo Alessandra"]
[Black "Belozerova, Olga"]
[Result "0-1"]
[WhiteElo "1397"]
[BlackElo "1070"]
[PlyCount "120"]
[EventDate "2016.08.18"]

1. e4 e6 2. d4 d5 3. Bd3 c5 4. c3 Nc6 5. Nf3 dxe4 6. Bxe4 Nf6 7. Bg5 h6 8. Bxf6
Qxf6 9. dxc5 Bxc5 10. O-O O-O 11. Nbd2 e5 12. h3 Bf5 13. Re1 Rfe8 14. Qc2 Bxe4
15. Nxe4 Qe7 16. Nxc5 Qxc5 17. Rad1 f6 18. Rd7 Re7 19. Rxe7 Qxe7 20. Nh4 Rd8
21. Qb3+ Qf7 22. Qxf7+ Kxf7 23. Kf1 Rd2 24. Re2 Rd1+ 25. Re1 Rxe1+ 26. Kxe1 Ke6
27. Ke2 Kd5 28. Ke3 Ne7 29. g3 Ke6 30. Kd3 Nf5 31. Ng2 Kd5 32. g4 Nd6 33. Ne3+
Ke6 34. b3 f5 35. Nc4 Nxc4 36. Kxc4 fxg4 37. hxg4 Kf6 38. Kd5 Kg5 39. f3 Kf4
40. Kd6 Kxf3 41. Kc7 e4 42. Kxb7 e3 43. c4 e2 44. c5 e1=Q 45. c6 Qe7+ 46. c7
Kxg4 47. Kb8 Qb4+ 48. Kxa7 Qa5+ 49. Kb7 Qb5+ 50. Ka8 Qc6+ 51. Kb8 Qb6+ 52. Kc8
Kf5 53. Kd8 Qd6+ 54. Kc8 Ke6 55. Kb7 Qd7 56. Kb8 Qb5+ 57. Kc8 Kd6 58. b4 Qb6
59. Kd8 Qxc7+ 60. Ke8 Qe7# 0-1

[Event "European Youth Chess Championship G12"]
[Site "Prague, Top Hotel Prague"]
[Date "2016.08.22"]
[Round "5.47"]
[White "Burdot, Clara"]
[Black "Scarpa, Alessandra"]
[Result "1/2-1/2"]
[WhiteElo "1094"]
[BlackElo "1492"]
[PlyCount "43"]
[EventDate "2016.08.18"]

1. e4 c6 2. d4 d5 3. exd5 cxd5 4. c3 Nc6 5. Bd3 Nf6 6. Bf4 Bg4 7. Qb3 Na5 8.
Bb5+ Nd7 9. Qxd5 a6 10. Bxd7+ Bxd7 11. Nd2 h6 12. Ngf3 g5 13. Bg3 Bg7 14. O-O
e6 15. Qd6 Rc8 16. Qa3 Bf8 17. Bd6 Bb5 18. Bxf8 Bxf1 19. Bxh6 Rxh6 20. Rxf1 Qc7
21. b3 f6 22. Re1 1/2-1/2

[Event "European Youth Chess Championship G12"]
[Site "Prague, Top Hotel Prague"]
[Date "2016.08.22"]
[Round "5.48"]
[White "Vavrinkova, Anna"]
[Black "Basovskiy, Jana"]
[Result "0-1"]
[WhiteElo "1421"]
[BlackElo "1488"]
[PlyCount "38"]
[EventDate "2016.08.18"]

1. e4 c5 2. Nf3 e6 3. c3 Nc6 4. d4 cxd4 5. cxd4 Be7 6. Nc3 d6 7. Bb5 a6 8. Ba4
b5 9. Bc2 Nf6 10. a3 Bb7 11. b4 Rc8 12. Qd3 Qc7 13. Bb2 d5 14. e5 Ne4 15. Rc1
Nxb4 16. axb4 Nxc3 17. Bxc3 Qxc3+ 18. Qxc3 Rxc3 19. O-O Bxb4 0-1

[Event "European Youth Chess Championship G12"]
[Site "Prague, Top Hotel Prague"]
[Date "2016.08.22"]
[Round "5.49"]
[White "Orru`, Giulia"]
[Black "Marthinussen, Emma Viktoria Li"]
[Result "1/2-1/2"]
[WhiteElo "1134"]
[BlackElo "1442"]
[PlyCount "106"]
[EventDate "2016.08.18"]

1. e4 d6 2. d4 Nf6 3. Bd3 g6 4. Bg5 Bg7 5. Qd2 O-O 6. h3 c6 7. Bh6 e5 8. c3 Be6
9. Bxg7 Kxg7 10. f4 exf4 11. Qxf4 d5 12. e5 Nfd7 13. Nd2 c5 14. Ngf3 Nc6 15. h4
c4 16. Bc2 f6 17. Qe3 Bg4 18. O-O-O Qe7 19. Rde1 Rae8 20. Nh2 Be6 21. h5 fxe5
22. h6+ Kg8 23. Nhf3 exd4 24. cxd4 Qf6 25. Rhf1 Qd8 26. Qg1 Bf5 27. Bxf5 Rxf5
28. g4 Rxe1+ 29. Rxe1 Rf8 30. g5 Nb4 31. Kd1 Nxa2 32. Qg4 Re8 33. Rf1 Nb4 34.
Nb1 Qe7 35. Nh4 Qe4 36. Qxe4 Rxe4 37. Nf3 Rg4 38. Re1 Nc6 39. Re8+ Kf7 40. Rh8
Nxd4 41. Rxh7+ Ke6 42. Rh8 Nxf3 43. Re8+ Kf7 44. h7 Rh4 45. h8=Q Rxh8 46. Rxh8
Nxg5 47. Rc8 Kf6 48. Rh8 Ne4 49. Rh7 Ndc5 50. Rh1 g5 51. Rf1+ Kg6 52. Rg1 Kf5
53. Rf1+ Kg6 1/2-1/2

[Event "European Youth Chess Championship G12"]
[Site "Prague, Top Hotel Prague"]
[Date "2016.08.24"]
[Round "6.1"]
[White "Caglar, Sila"]
[Black "Levitan, Ronit"]
[Result "1-0"]
[WhiteElo "1983"]
[BlackElo "1793"]
[PlyCount "98"]
[EventDate "2016.08.18"]

1. e4 e5 2. Nc3 Nf6 3. g3 Nc6 4. Bg2 Bc5 5. d3 d6 6. Na4 Bb6 7. Nxb6 axb6 8.
Ne2 d5 9. exd5 Nxd5 10. O-O O-O 11. b3 Be6 12. Bb2 f6 13. a3 Qd7 14. d4 exd4
15. Nxd4 Bh3 16. Nxc6 Bxg2 17. Kxg2 Qxc6 18. Qf3 Rad8 19. c4 Ne7 20. Rad1 Qxf3+
21. Kxf3 Nc6 22. Rfe1 Kf7 23. b4 Rfe8 24. Bc3 Rxe1 25. Rxe1 Rd3+ 26. Re3 Rd1
27. Ke2 Rd7 28. Rd3 Rxd3 29. Kxd3 Ke6 30. Ke4 Ne7 31. Bd2 Ng6 32. f4 Ne7 33.
Bc3 Nf5 34. Kd3 h5 35. Be1 Kd6 36. Bf2 Ke6 37. h3 g6 38. Be1 Nd6 39. g4 hxg4
40. hxg4 Nf7 41. Bg3 f5 42. g5 Nd6 43. Bf2 Ne4 44. Bd4 Kd7 45. Be5 Nf2+ 46. Kc2
Ne4 47. Kd3 Nf2+ 48. Kd4 Ne4 49. Bh8 Ke6 1-0

[Event "European Youth Chess Championship G12"]
[Site "Prague, Top Hotel Prague"]
[Date "2016.08.24"]
[Round "6.2"]
[White "Stepanyan, Eva"]
[Black "Ziegenfuss, Antonia"]
[Result "1/2-1/2"]
[WhiteElo "1780"]
[BlackElo "1829"]
[PlyCount "78"]
[EventDate "2016.08.18"]

1. d4 d5 2. c4 c6 3. e3 a6 4. Nf3 Nf6 5. c5 Nbd7 6. Nc3 Qc7 7. Be2 e5 8. b4 Be7
9. Bb2 e4 10. Nd2 O-O 11. O-O h6 12. Qb3 Kh8 13. a4 Nh7 14. b5 a5 15. b6 Qb8
16. Qd1 f5 17. Na2 f4 18. Nc1 Bg5 19. Ra3 Be7 20. Rb3 Ndf6 21. f3 fxe3 22. Rxe3
Qf4 23. Qb3 Qh4 24. fxe4 dxe4 25. g3 Qh3 26. Nxe4 Be6 27. Qd3 Nxe4 28. Rxe4 Bd5
29. Rxf8+ Rxf8 30. Bg4 Bxe4 31. Qe2 Qg2+ 32. Qxg2 Bxg2 33. Kxg2 Ng5 34. Nb3 Bf6
35. h4 Nf7 36. Nxa5 Rb8 37. Nb3 Re8 38. Na5 Rb8 39. Nb3 Re8 1/2-1/2

[Event "European Youth Chess Championship G12"]
[Site "Prague, Top Hotel Prague"]
[Date "2016.08.24"]
[Round "6.3"]
[White "Garifullina, Leya"]
[Black "Mikhailina, Elena"]
[Result "1-0"]
[WhiteElo "1906"]
[BlackElo "1541"]
[PlyCount "55"]
[EventDate "2016.08.18"]

1. e4 c5 2. Nf3 Nc6 3. Bb5 g6 4. Bxc6 bxc6 5. d3 Bg7 6. O-O Rb8 7. Nbd2 Nf6 8.
Rb1 Bb7 9. b3 O-O 10. Bb2 Ne8 11. e5 Nc7 12. Ne4 Ne6 13. Qd2 Re8 14. Rfe1 Qc7
15. Bc3 Ba8 16. a4 Kh8 17. Nfg5 Nxg5 18. Qxg5 Qb6 19. Qd2 a6 20. Qe3 d6 21.
exd6 exd6 22. Bxg7+ Kxg7 23. Qf4 d5 24. Qf6+ Kg8 25. Nd6 Rf8 26. Re7 Qd8 27.
Nxf7 Qxe7 28. Nh6# 1-0

[Event "European Youth Chess Championship G12"]
[Site "Prague, Top Hotel Prague"]
[Date "2016.08.24"]
[Round "6.4"]
[White "Mkrtchyan, Mariam"]
[Black "Allahverdiyeva, Ayan"]
[Result "1-0"]
[WhiteElo "1720"]
[BlackElo "1886"]
[PlyCount "99"]
[EventDate "2016.08.18"]

1. d4 d5 2. c4 e6 3. Nf3 Nf6 4. g3 Be7 5. Bg2 O-O 6. O-O c6 7. Nbd2 Nbd7 8. Qc2
Re8 9. e4 Nf8 10. Rd1 b6 11. Ne5 Bb7 12. b3 Rc8 13. Bb2 N6d7 14. Nxd7 Qxd7 15.
Rac1 Red8 16. Qb1 Qe8 17. Nf1 Nd7 18. Ne3 Nf6 19. e5 Nd7 20. f4 b5 21. c5 a5
22. Rf1 g6 23. Kh1 Qf8 24. Rce1 Qg7 25. g4 Bh4 26. Rd1 h6 27. f5 b4 28. Rf3 Nf8
29. Bf1 Re8 30. Ng2 Bd8 31. Bd3 Ra8 32. Nf4 Ba6 33. Bc2 Bg5 34. Rg1 Bxf4 35.
Rxf4 g5 36. Rf2 Nd7 37. f6 Qf8 38. h4 Nxc5 39. dxc5 Qxc5 40. Rfg2 Qe3 41. Rg3
Qf4 42. Qc1 c5 43. hxg5 hxg5 44. Qxf4 gxf4 45. Rh3 Bb7 46. Kh2 Rab8 47. g5 f3
48. g6 f2 49. gxf7+ Kxf7 50. Rg7+ 1-0

[Event "European Youth Chess Championship G12"]
[Site "Prague, Top Hotel Prague"]
[Date "2016.08.24"]
[Round "6.5"]
[White "Yakimova, Mariya"]
[Black "Sovina, Maria"]
[Result "1-0"]
[WhiteElo "1818"]
[BlackElo "1740"]
[PlyCount "119"]
[EventDate "2016.08.18"]

1. e4 c5 2. Nc3 Nc6 3. Nge2 e6 4. d4 cxd4 5. Nxd4 Qc7 6. Be3 Nf6 7. f4 Nxd4 8.
Bxd4 Qxf4 9. g3 Qc7 10. Qf3 e5 11. Nb5 Qb8 12. Be3 Bb4+ 13. c3 Be7 14. a4 b6
15. Bd3 d6 16. h3 Bb7 17. c4 h5 18. Kd2 Bc6 19. g4 Qb7 20. Nc3 g6 21. Raf1 Rf8
22. Bh6 Kd7 23. Bxf8 Rxf8 24. Nd5 Bxd5 25. cxd5 a5 26. g5 Nxe4+ 27. Qxe4 Bxg5+
28. Ke2 Bf4 29. h4 f5 30. Bb5+ Ke7 31. Qc4 Rc8 32. Bc6 Qa7 33. Rhg1 Kf6 34.
Rxf4 exf4 35. Qxf4 Qe7+ 36. Kd2 Kf7 37. Re1 Qf6 38. Kc2 Kg7 39. Kb1 Rd8 40. Re6
Qf7 41. Qg5 Rf8 42. Re7 f4 43. Rxf7+ Rxf7 44. Bb5 f3 45. Qd8 f2 46. Qxd6 f1=Q+
47. Bxf1 Rxf1+ 48. Ka2 Rf6 49. Qe7+ Rf7 50. Qe5+ Kf8 51. d6 Rd7 52. Qe6 Rf7 53.
d7 Rxd7 54. Qxd7 Kg8 55. Kb3 b5 56. Kc3 g5 57. hxg5 h4 58. g6 h3 59. Qf7+ Kh8
60. Qh7# 1-0

[Event "European Youth Chess Championship G12"]
[Site "Prague, Top Hotel Prague"]
[Date "2016.08.24"]
[Round "6.6"]
[White "Smetisko, Lucija"]
[Black "Wikar, Martyna"]
[Result "1/2-1/2"]
[WhiteElo "1555"]
[BlackElo "1803"]
[PlyCount "162"]
[EventDate "2016.08.18"]

1. e4 c5 2. Nf3 Nc6 3. Bb5 Nd4 4. Nxd4 cxd4 5. O-O g6 6. d3 Bg7 7. Bc4 e6 8.
Bf4 d6 9. Nd2 Ne7 10. Bb3 O-O 11. Nc4 e5 12. Bg5 Be6 13. Nd2 Bxb3 14. Nxb3 f6
15. Bd2 d5 16. Nc5 Qc8 17. Nb3 dxe4 18. dxe4 Qc6 19. Bb4 Rfe8 20. Qd3 f5 21. f3
Rac8 22. Rac1 Qc4 23. Qxc4+ Rxc4 24. Bd2 Rec8 25. c3 dxc3 26. Rxc3 fxe4 27.
fxe4 Rxe4 28. Nc5 Re2 29. Rf2 Rxf2 30. Kxf2 Nd5 31. Rc1 Rf8+ 32. Ke2 b6 33. Ne6
Re8 34. Nc7 Nxc7 35. Rxc7 e4 36. b3 e3 37. Bc3 Bh6 38. b4 Rf8 39. Be1 a5 40. b5
Bf4 41. Rc6 Rb8 42. h3 Kf7 43. Bc3 Bg5 44. Bd4 Rd8 45. Bc3 Rb8 46. Be5 Rd8 47.
Bc3 Rb8 48. a3 h5 49. a4 h4 50. Rd6 Rc8 51. Rc6 Rxc6 52. bxc6 Ke7 53. Bd4 Kd6
54. Bxb6 Kxc6 55. Bxa5 Kc5 56. Be1 Kd4 57. a5 Kc5 58. Bc3 Kb5 59. Bb4 Bf6 60.
Be1 Bd4 61. Bxh4 Kxa5 62. Bg5 Kb5 63. Bxe3 Bf6 64. Kf3 Kc6 65. Kg4 Kd5 66. Bg5
Bg7 67. h4 Ke6 68. Bd8 Kf7 69. Kg5 Bd4 70. Kh6 Be5 71. g4 Bd4 72. g5 Bf2 73. h5
gxh5 74. Kxh5 Kg7 75. Bf6+ Kg8 76. g6 Be3 77. Kg4 Bd2 78. Kf5 Be3 79. Bg5 Bd4
80. Ke6 Kg7 81. Kf5 Bc3 1/2-1/2

[Event "European Youth Chess Championship G12"]
[Site "Prague, Top Hotel Prague"]
[Date "2016.08.24"]
[Round "6.7"]
[White "Rzali, Sabina"]
[Black "Krasteva, Beloslava"]
[Result "1/2-1/2"]
[WhiteElo "1719"]
[BlackElo "1996"]
[PlyCount "153"]
[EventDate "2016.08.18"]

1. e4 c5 2. Nf3 d6 3. Nc3 Nf6 4. e5 dxe5 5. Nxe5 a6 6. a4 Nbd7 7. Nc4 b6 8. Be2
Bb7 9. Bf3 Bxf3 10. Qxf3 g6 11. O-O Bg7 12. d3 O-O 13. Re1 Re8 14. Bf4 Ra7 15.
Qc6 Nh5 16. Bg5 h6 17. Bd2 Nhf6 18. a5 Rc7 19. Qf3 b5 20. Nb6 e6 21. Bf4 e5 22.
Be3 Re6 23. Nxd7 Qxd7 24. Ne4 Nxe4 25. dxe4 Rf6 26. Qe2 Qc6 27. Red1 Qxe4 28.
Rd8+ Kh7 29. Qd2 Qc6 30. Rd1 Re6 31. Rb8 Rce7 32. Rb6 Qc7 33. Qd5 e4 34. c3 c4
35. Qa8 Rd7 36. Re1 Qd8 37. Qxd8 Rxd8 38. Rb7 Kg8 39. Ra7 b4 40. cxb4 Bxb2 41.
Rc7 c3 42. Kf1 g5 43. Bc1 Red6 44. Ke2 Rd4 45. Rc6 Rxb4 46. Rxa6 Bxc1 47. Rxc1
Rb2+ 48. Ke3 c2 49. Rc6 Ra2 50. a6 Ra8 51. Rxh6 f5 52. Rf6 Ra5 53. Rg6+ Kf7 54.
Rxg5 Kf6 55. Rg3 Rc8 56. Kd2 Rd5+ 57. Ke2 Ra5 58. Rb3 Rxa6 59. Rb2 Rac6 60. Kd2
Rd6+ 61. Ke3 Rdc6 62. Kf4 Rc5 63. Rb6+ Kf7 64. Rd6 Rb5 65. Rd2 Rbc5 66. h3 Kf6
67. Re2 Rc4 68. Rd2 R4c5 69. g4 fxg4 70. hxg4 Rc4 71. Re2 Kg6 72. Rd2 Kf6 73.
g5+ Kg6 74. Rd6+ Kg7 75. Rd7+ Kg6 76. Rd6+ Kf7 77. Ke3 1/2-1/2

[Event "European Youth Chess Championship G12"]
[Site "Prague, Top Hotel Prague"]
[Date "2016.08.24"]
[Round "6.8"]
[White "Lehaci, Miruna-Daria"]
[Black "Dziatko, Evgeniya"]
[Result "1/2-1/2"]
[WhiteElo "1860"]
[BlackElo "1709"]
[PlyCount "150"]
[EventDate "2016.08.18"]

1. d4 Nf6 2. Bg5 d5 3. Nf3 h6 4. Bxf6 gxf6 5. Nbd2 Bg4 6. c4 c6 7. Qb3 Bc8 8.
e3 Bg7 9. Rc1 O-O 10. Be2 e5 11. cxd5 cxd5 12. Rc5 b6 13. Rxd5 Qe7 14. Bc4 Bb7
15. Nh4 Qc7 16. Nf5 Nc6 17. Rd6 exd4 18. exd4 Nxd4 19. Rxd4 Qe5+ 20. Qe3 Qxf5
21. O-O Qg6 22. f3 Rfe8 23. Qb3 Re7 24. Qb4 Rc7 25. Qd6 Rac8 26. Rg4 Qh5 27.
Qg3 Qc5+ 28. Kh1 Qf8 29. Bd3 Rd7 30. Bf5 Rxd2 31. Bxc8 Bxc8 32. Re4 Be6 33. Rh4
Kh7 34. b3 f5 35. Ra4 a5 36. Qf4 Qd8 37. h3 Rd1 38. Rg1 Rxg1+ 39. Kxg1 Qd1+ 40.
Kf2 Qc2+ 41. Kf1 Qd1+ 42. Kf2 Bc3 43. Qe3 Qd2+ 44. Qxd2 Bxd2 45. Rd4 Bb4 46.
Ke2 Kg7 47. Rd8 b5 48. Rb8 Bd7 49. Rb7 Be8 50. Rb8 Kf8 51. Rb6 Bc5 52. Rxh6 a4
53. Rh8+ Ke7 54. h4 axb3 55. axb3 Bd4 56. Rg8 f6 57. Rh8 f4 58. Kd3 Ba1 59. h5
Bf7 60. h6 Bxb3 61. Ra8 Be5 62. h7 f5 63. h8=Q Bc4+ 64. Kc2 Bxh8 65. Rxh8 Kf6
66. Kc3 Bf1 67. Rf8+ Ke6 68. Re8+ Kf7 69. Re5 Kf6 70. Rc5 Bxg2 71. Rxb5 Bxf3
72. Kd2 Kg5 73. Ke1 Be4 74. Kf2 f3 75. Rb4 Kf4 1/2-1/2

[Event "European Youth Chess Championship G12"]
[Site "Prague, Top Hotel Prague"]
[Date "2016.08.24"]
[Round "6.9"]
[White "Portnoy, Noam"]
[Black "Dylag, Emilia"]
[Result "1-0"]
[WhiteElo "1710"]
[BlackElo "1792"]
[PlyCount "113"]
[EventDate "2016.08.18"]

1. c4 Nf6 2. Nc3 d6 3. g3 g6 4. Bg2 Bg7 5. e3 O-O 6. Nge2 e5 7. O-O Re8 8. d4
Nbd7 9. b3 Nf8 10. Bb2 c6 11. d5 c5 12. e4 Ng4 13. h3 Nh6 14. Qd2 f5 15. f4
exf4 16. Nxf4 Qa5 17. Qc2 Nf7 18. Rae1 a6 19. Na4 Ne5 20. a3 b5 21. Bc3 Qd8 22.
Nb2 fxe4 23. Bxe4 Ra7 24. Nbd3 bxc4 25. bxc4 Qg5 26. Kh2 Rae7 27. Bd2 Nxd3 28.
Qxd3 Rxe4 29. Rxe4 Bf5 30. h4 Bxe4 31. hxg5 Bxd3 32. Nxd3 Bd4 33. Nf4 Kg7 34.
Rb1 Be5 35. Rb7+ Kg8 36. Ra7 Rb8 37. Nd3 Bxg3+ 38. Kxg3 Rb3 39. Kf2 Rxd3 40.
Bc1 Rc3 41. Bf4 Rc2+ 42. Ke1 Rxc4 43. Bxd6 Rc1+ 44. Ke2 Rc2+ 45. Ke3 Rc3+ 46.
Ke4 Rc1 47. Ra8 Rf1 48. Bxc5 Re1+ 49. Kd4 Rd1+ 50. Ke5 Re1+ 51. Kf6 Rf1+ 52.
Ke7 Re1+ 53. Kd6 Rf1 54. Kc6 Rf3 55. Bxf8 Rxf8 56. Rxf8+ Kxf8 57. Kc7 1-0

[Event "European Youth Chess Championship G12"]
[Site "Prague, Top Hotel Prague"]
[Date "2016.08.24"]
[Round "6.10"]
[White "Murzina, Agata"]
[Black "Mironenko, Galina"]
[Result "1-0"]
[WhiteElo "1651"]
[BlackElo "1769"]
[PlyCount "127"]
[EventDate "2016.08.18"]

1. e4 c5 2. Nf3 Nc6 3. d4 cxd4 4. Nxd4 d6 5. Bb5 Bd7 6. Nc3 a6 7. Ba4 Nf6 8.
O-O e6 9. Bg5 Be7 10. Qd2 b5 11. Bb3 h6 12. Bxf6 Bxf6 13. Nxc6 Bxc6 14. Rad1
Be7 15. Rfe1 O-O 16. Qd4 Qc7 17. Re3 Rad8 18. Rg3 e5 19. Qd3 Bg5 20. Qe2 Qb7
21. Bd5 Bxd5 22. Nxd5 f5 23. exf5 Rxf5 24. Qg4 Qf7 25. h4 h5 26. Qe4 Rf4 27.
Nxf4 Bxf4 28. Ra3 d5 29. Qd3 Qf6 30. g3 e4 31. Qb3 Qe6 32. Re1 Bc7 33. Qf3 Qe5
34. Qc3 Qd6 35. Qd2 Bb6 36. b4 e3 37. Raxe3 Bxe3 38. Rxe3 d4 39. Rd3 Qe6 40. c3
Qg6 41. Rxd4 Rxd4 42. cxd4 Qb1+ 43. Kh2 Qf5 44. Qe3 Qd5 45. Qb3 Qc4 46. Kg2 Kh7
47. d5 Qe4+ 48. Kh2 Qd4 49. Kg1 g6 50. a3 Kg7 51. Qf3 Qa1+ 52. Kh2 Qd4 53. Kg2
Kg8 54. Qb3 Kg7 55. Kf3 Kf6 56. Ke2 Qe4+ 57. Qe3 Qc2+ 58. Kf3 Qd1+ 59. Ke4 Qb1+
60. Kd4 Qd1+ 61. Kc5 Qc2+ 62. Kd6 Qc4 63. Qe7+ Kf5 64. Qe6# 1-0

[Event "European Youth Chess Championship G12"]
[Site "Prague, Top Hotel Prague"]
[Date "2016.08.24"]
[Round "6.11"]
[White "Kirchei, Viktoriia"]
[Black "Goraj, Barbara"]
[Result "1-0"]
[WhiteElo "1767"]
[BlackElo "1619"]
[PlyCount "133"]
[EventDate "2016.08.18"]

1. e4 c5 2. d3 e6 3. g3 Nc6 4. Bg2 d5 5. Nd2 Nf6 6. Ngf3 Be7 7. O-O b6 8. Re1
Bb7 9. e5 Nd7 10. Nf1 h6 11. h3 Qc7 12. Qe2 O-O-O 13. c3 Rdg8 14. a3 g5 15. b4
g4 16. hxg4 Rxg4 17. Bf4 h5 18. Ne3 Rg6 19. Nxd5 exd5 20. e6 Bd6 21. Bxd6 Qxd6
22. exd7+ Kc7 23. Qe8 Rgg8 24. Qxf7 Qxd7 25. Qxd7+ Kxd7 26. bxc5 bxc5 27. Bh3+
Kc7 28. Be6 Rd8 29. Ng5 Rhf8 30. Bh3 Bc8 31. Bxc8 Rxc8 32. Ne6+ Kd6 33. Nxf8
Rxf8 34. Kg2 Ne5 35. Rad1 Rb8 36. d4 cxd4 37. cxd4 Nc4 38. Rd3 a5 39. Rh1 Rh8
40. a4 Ke6 41. Rf3 Rh7 42. Re1+ Kd7 43. Rf5 Nb6 44. Rb1 Rh6 45. Rh1 Ke6 46.
Rfxh5 Rxh5 47. Rxh5 Nxa4 48. Rh6+ Ke7 49. Ra6 Nc3 50. Rxa5 Ke6 51. g4 Kf6 52.
Kf3 Ke6 53. Ke3 Nd1+ 54. Ke2 Nc3+ 55. Ke1 Ne4 56. f4 Ng3 57. Kf2 Ne4+ 58. Ke3
Nc3 59. f5+ Kf6 60. Rc5 Nd1+ 61. Ke2 Nb2 62. Rxd5 Nc4 63. Rc5 Nb2 64. d5 Na4
65. Ra5 Nc3+ 66. Kd3 Nb1 67. Ra1 1-0

[Event "European Youth Chess Championship G12"]
[Site "Prague, Top Hotel Prague"]
[Date "2016.08.24"]
[Round "6.12"]
[White "Tamrazyan, Gohar"]
[Black "Marcinczyk, Monika"]
[Result "0-1"]
[WhiteElo "1741"]
[BlackElo "1609"]
[PlyCount "53"]
[EventDate "2016.08.18"]

1. e4 e6 2. d4 d5 3. Nc3 Bb4 4. exd5 exd5 5. Bd3 c5 6. a3 Qe7+ 7. Qe2 Bxc3+ 8.
bxc3 c4 9. Qxe7+ Nxe7 10. Be2 Bf5 11. Rb1 b6 12. Bd1 O-O 13. Ne2 Nd7 14. O-O
Rfe8 15. Nf4 Nf6 16. Rb5 Rad8 17. Re1 Ne4 18. Re3 Bd7 19. Nxd5 Bxb5 20. Nc7 Nd5
21. Nxd5 Rxd5 22. Bf3 f5 23. g4 g6 24. gxf5 gxf5 25. Bh5 f4 26. Rh3 Ng5 27. Rh4
0-1

[Event "European Youth Chess Championship G12"]
[Site "Prague, Top Hotel Prague"]
[Date "2016.08.24"]
[Round "6.13"]
[White "Juhasz, Judit"]
[Black "Trifoi, Mihaela-Ioana"]
[Result "1-0"]
[WhiteElo "1927"]
[BlackElo "1595"]
[PlyCount "61"]
[EventDate "2016.08.18"]

1. e4 c6 2. d4 d5 3. e5 Bf5 4. Nf3 e6 5. Be2 Ne7 6. O-O Bg6 7. Nbd2 Nd7 8. Nh4
Rc8 9. c3 h6 10. Nxg6 Nxg6 11. f4 Ne7 12. g4 g6 13. Nf3 Bg7 14. Be3 a6 15. Qe1
c5 16. Bd3 cxd4 17. cxd4 Rg8 18. Nh4 Nb6 19. b3 Nd7 20. Kh1 Qc7 21. Rc1 Qb8 22.
Qf2 Rxc1 23. Bxc1 Rf8 24. Ba3 g5 25. Bd6 Qc8 26. f5 gxh4 27. f6 Bh8 28. fxe7 f5
29. exf8=Q+ Nxf8 30. Qxh4 Qd7 31. Rc1 1-0

[Event "European Youth Chess Championship G12"]
[Site "Prague, Top Hotel Prague"]
[Date "2016.08.24"]
[Round "6.14"]
[White "Dvorakova, Olga"]
[Black "Anghel, Maria"]
[Result "1/2-1/2"]
[WhiteElo "1601"]
[BlackElo "1821"]
[PlyCount "85"]
[EventDate "2016.08.18"]

1. d4 Nf6 2. Nf3 c5 3. c3 Qb6 4. Qb3 d5 5. Bg5 Ne4 6. Bh4 Nc6 7. Qxb6 axb6 8.
e3 c4 9. Nbd2 Nxd2 10. Nxd2 b5 11. e4 e6 12. exd5 exd5 13. Be2 Be6 14. O-O b4
15. f4 f6 16. Bh5+ Bf7 17. Rfe1+ Be7 18. Bf3 Kd7 19. Nf1 Bd6 20. Bg3 h5 21. f5
h4 22. Bxd6 Kxd6 23. Ne3 Ra7 24. Nc2 bxc3 25. bxc3 Rha8 26. a3 Ra5 27. Rab1 b5
28. Rf1 Rb8 29. Bd1 Rh8 30. Rf4 Ne7 31. Be2 Be8 32. Re1 Bd7 33. Bg4 Raa8 34.
Rf3 Rae8 35. Rff1 g6 36. Bh3 Bxf5 37. Bxf5 Nxf5 38. Kf2 g5 39. Kg1 Rxe1 40.
Rxe1 Ne7 41. Rb1 Kc6 42. Nb4+ Kd6 43. Nc2 1/2-1/2

[Event "European Youth Chess Championship G12"]
[Site "Prague, Top Hotel Prague"]
[Date "2016.08.24"]
[Round "6.15"]
[White "Lomaia, Diana"]
[Black "Somton, Anita"]
[Result "1/2-1/2"]
[WhiteElo "1593"]
[BlackElo "1753"]
[PlyCount "110"]
[EventDate "2016.08.18"]

1. e4 d5 2. exd5 Qxd5 3. Nc3 Qd6 4. d4 Nf6 5. Nf3 c6 6. g3 Bg4 7. Bg2 e6 8. O-O
Be7 9. Bf4 Qd8 10. h3 Bxf3 11. Qxf3 O-O 12. Ne2 Nbd7 13. c4 Nb6 14. b3 Qd7 15.
Rad1 Rad8 16. Rfe1 Qc8 17. Nc3 Rfe8 18. g4 h6 19. Bg3 Rd7 20. Re2 Red8 21. Red2
a5 22. Be5 Nh7 23. Ne4 Ng5 24. Qe3 Nxe4 25. Qxe4 c5 26. d5 exd5 27. cxd5 Bd6
28. Bb2 Re7 29. Qf3 Rde8 30. Bc3 Qa8 31. Qd3 Nd7 32. Qb5 b6 33. Rc2 Qb8 34. Qd3
Nf8 35. Qf3 Ng6 36. Bf1 Nh4 37. Qd3 Bh2+ 38. Kh1 Bd6 39. Rcc1 Bf4 40. Rb1 Qd6
41. Re1 Rxe1 42. Rxe1 Rd8 43. Rd1 Qe7 44. Bg2 Nxg2 45. Kxg2 Bc7 46. Qf3 Qd6 47.
Rd2 Qh2+ 48. Kf1 b5 49. Qg2 Qf4 50. Rd1 b4 51. Bb2 Bd6 52. Bc1 Qf6 53. Qe4 Qa1
54. Qe2 Qc3 55. Kg2 Qe5 1/2-1/2

[Event "European Youth Chess Championship G12"]
[Site "Prague, Top Hotel Prague"]
[Date "2016.08.24"]
[Round "6.16"]
[White "Donghvani, Nia"]
[Black "Maciulaityte, Barbora"]
[Result "1/2-1/2"]
[WhiteElo "1686"]
[BlackElo "1505"]
[PlyCount "48"]
[EventDate "2016.08.18"]

1. e4 c5 2. Nf3 d6 3. d4 cxd4 4. Nxd4 Nf6 5. f3 g6 6. c4 Bg7 7. Nc3 O-O 8. Be3
b6 9. Qd2 Re8 10. Be2 Bb7 11. O-O Nbd7 12. Rfd1 Ne5 13. Rac1 Qd7 14. b3 Rec8
15. Qe1 Qe8 16. Nd5 Nxd5 17. cxd5 Rxc1 18. Rxc1 Rc8 19. Nb5 Rxc1 20. Qxc1 Qb8
21. Nd4 Qd8 22. b4 Bf6 23. f4 Nd7 24. Nc6 Qa8 1/2-1/2

[Event "European Youth Chess Championship G12"]
[Site "Prague, Top Hotel Prague"]
[Date "2016.08.24"]
[Round "6.17"]
[White "Efendieva, Alina"]
[Black "Vorobyova, Ekaterina"]
[Result "0-1"]
[WhiteElo "1589"]
[BlackElo "1686"]
[PlyCount "64"]
[EventDate "2016.08.18"]

1. e4 e5 2. Nf3 Nc6 3. Bc4 Nf6 4. Ng5 d5 5. exd5 Nd4 6. c3 b5 7. Bf1 Nxd5 8.
cxd4 Qxg5 9. Bxb5+ Kd8 10. O-O Bb7 11. Qf3 Rb8 12. dxe5 Nb4 13. Qh3 Bc8 14. Qb3
Rxb5 15. a3 Be6 16. Qa4 Bh3 17. g3 Bxf1 18. Kxf1 Rc5 19. Nc3 Qf5 20. Qxb4 Qh3+
21. Kg1 Rxe5 22. Qd4+ Bd6 23. Ne4 f5 24. d3 fxe4 25. dxe4 Rhe8 26. f3 Rh5 27.
b4 Qxh2+ 28. Kf1 Qxg3 29. Ke2 Rh2+ 30. Kd3 Qxf3+ 31. Be3 Qe2+ 32. Kc3 Qc2# 0-1

[Event "European Youth Chess Championship G12"]
[Site "Prague, Top Hotel Prague"]
[Date "2016.08.24"]
[Round "6.18"]
[White "Hertlein, Irena"]
[Black "Adamczyk, Zuzanna"]
[Result "0-1"]
[WhiteElo "1488"]
[BlackElo "1672"]
[PlyCount "74"]
[EventDate "2016.08.18"]

1. d4 c5 2. e3 d5 3. Nf3 Nf6 4. b3 e6 5. Bb2 Nbd7 6. Bd3 b6 7. O-O Bd6 8. Ne5
O-O 9. f4 Bb7 10. Rf3 c4 11. Bf1 cxb3 12. axb3 Ne4 13. Rh3 g6 14. Nd2 Nxd2 15.
Qxd2 f6 16. Nxd7 Qxd7 17. Qf2 Rf7 18. Qh4 f5 19. Qg3 a5 20. c4 Be7 21. Qe1 dxc4
22. bxc4 Bf6 23. Qc3 Rc8 24. Qb3 Qd8 25. Ba3 Be4 26. c5 bxc5 27. Bxc5 Rxc5 28.
Qxe6 Rc6 29. Qa2 Bd5 30. Qxa5 Qxa5 31. Rxa5 Be4 32. Ra1 Re7 33. Ra8+ Kg7 34.
Kf2 Rc2+ 35. Kg3 Bxa8 36. Ba6 Rc3 37. Bc8 Rexe3+ 0-1

[Event "European Youth Chess Championship G12"]
[Site "Prague, Top Hotel Prague"]
[Date "2016.08.24"]
[Round "6.19"]
[White "Ramaiya, Arushi"]
[Black "Toth, Nikoletta"]
[Result "0-1"]
[WhiteElo "1468"]
[BlackElo "1668"]
[PlyCount "116"]
[EventDate "2016.08.18"]

1. d4 d5 2. Nf3 e6 3. Bf4 c5 4. c3 Nc6 5. e3 Nf6 6. Nbd2 Be7 7. Bd3 Nh5 8. Bg3
Nxg3 9. hxg3 h6 10. Ne5 Nxe5 11. dxe5 d4 12. exd4 cxd4 13. Qa4+ Bd7 14. Qxd4
Qc7 15. Nf3 h5 16. g4 Bc5 17. Qf4 Qb6 18. Qd2 g6 19. gxh5 Rxh5 20. Rxh5 gxh5
21. b4 Be7 22. Qh6 O-O-O 23. Qxh5 Qc6 24. Kd2 Qb6 25. Nd4 Bxb4 26. Rb1 Qxd4 27.
Rxb4 Qxf2+ 28. Qe2 Qxe2+ 29. Kxe2 Bc6 30. g3 Rd5 31. Re4 Ra5 32. Rf4 Rxe5+ 33.
Kf2 f5 34. Bc4 Bd5 35. Bxd5 Rxd5 36. Rc4+ Kd7 37. Rb4 Kc6 38. Rc4+ Rc5 39. Ra4
a6 40. c4 Re5 41. Kf3 Re4 42. a3 Kc5 43. Rb4 b6 44. Rb3 Rxc4 45. Re3 Kd5 46.
Rb3 b5 47. Rd3+ Rd4 48. Rc3 a5 49. Rb3 b4 50. axb4 axb4 51. Ke3 Rg4 52. Rd3+
Kc4 53. Rd6 Re4+ 54. Kf3 b3 55. Rb6 Kc3 56. Kf2 b2 57. Rb8 Rb4 58. Rc8+ Kb3 0-1